Tilastot visalle Jääkiekon Suomen mestaruudet paikkakunnittain

Klikkaa tästä pelataksesi tätä visaa!

Yleistilastot

  • Tätä visaa on pelattu 496 kertaa
  • Keskiarvotulos 8 / 9

Vastaustilastot

MestaruuksiaPaikkakunta% Oikein
21Helsinki
99%
37Tampere
99%
8Oulu
98%
11Turku
95%
5Pori
94%
2Jyväskylä
86%
4Hämeenlinna
85%
2
Rauma
85%
1Viipuri
33%

Tulosjakauma

Persentiili vastausten määrän mukaan

Jokaisen tuloksen saaneiden osuus

Tuloshistoriasi

Et ole pelannut tätä visaa